All the Geography I know-North American Edition - Statistics

General Stats
  • This quiz has been taken 37 times
  • The average score is 123 of 185
Answer Stats
Hint Letter Answer % Correct
Capital of Texas A Austin
100%
One of the 2 countries bordering the U.s M Mexico
97%
U.s State A Alaska
91%
U.s State A Alabama
88%
U.s State A Arkansas
88%
U.s state C Colorado
88%
U.s state F Florida
88%
Biggest city in Texas H Houston
88%
U.s state I Idaho
88%
U.s state K Kansas
88%
U.s state M Missouri
88%
U.s state N New York
88%
Capital of Massachusetts B Boston
85%
U.s state C California
85%
U.s state D Delaware
85%
U.s state G Georgia
85%
U.s state I Illinois
85%
U.s state M Maine
85%
U.s state N New Mexico
85%
City in California S San Francisco
85%
Biggest city in Canada T Toronto
85%
U.s state U Utah
85%
Capital of New York A Albany
82%
Biggest city in New Mexico A Albuquerque
82%
Capital and biggest city in the state of Georgia A Atlanta
82%
Central American country B Belize
82%
U.s state C Connecticut
82%
Capital of one of those "C" states D Denver
82%
Island country in the Caribbean H Haiti
82%
U.s state H Hawaii
82%
U.s state I Iowa
82%
U.s state K Kentucky
82%
Biggest city in Florida M Miami
82%
U.s state M Michigan
82%
U.s state M Mississippi
82%
*U.s state N Nebraska
82%
U.s state N New Hampshire
82%
U.s state O Oklahoma
82%
U.s state V Virginia
82%
U.s state W Wisconsin
82%
Biggest city in the above A Anchorage
79%
Island country near the east coast of Florida B Bahamas
79%
Country only bordering the U.s C Canada
79%
Resort city in Mexico C Cancun
79%
Central American country C Costa Rica
79%
City in Texas D Dallas
79%
Biggest city in Michigan D Detroit
79%
Central American country H Honduras
79%
Capital of the above H Honolulu
79%
U.s state I Indiana
79%
Capital of Mississippi J Jackson
79%
Biggest city in Florida J Jacksonville
79%
U.s state M Maryland
79%
U.s state M Massachusetts
79%
U.s state M Montana
79%
City in Quebec M Montreal
79%
U.s state N New Jersey
79%
U.s state N North Carolina
79%
U.s state N North Dakota
79%
U.s state O Oregon
79%
Central American country P Panama
79%
Capital of the above P Panama City
79%
U.s state P Pennsylvania
79%
Capital of Arizona P Phoenix
79%
U.s state R Rhode Island
79%
Capital of Virginia R Richmond
79%
Texan city home to the Alamo S San Antonio
79%
Capital of Costa Rica/City in California S San Jose
79%
Capital of El Salvador S San Salvador
79%
U.s state S South Dakota
79%
U.s state T Tennessee
79%
U.s state T Texas
79%
Country bordering Mexico and Canada U United States/usa/Usa
79%
U.s state W Washington
79%
U.s state W Wyoming
79%
Canadian Province A Alberta
76%
Capital of Maryland A Annapolis
76%
Island country in the Caribbean B Barbados
76%
Capital of Idaho B Boise
76%
City in New York B Buffalo
76%
Country in Central America E El Salvador
76%
Island the above is on H Hispaniola
76%
Capital of Michigan L Lansing
76%
U.s state N Nevada
76%
Country in Central America N Nicaragua
76%
Biggest city in the above P Philidelphia/Philadelphia
76%
Lake in Utah S Salt Lake
76%
Capital of Utah S Salt Lake City
76%
City in California S San Diego
76%
Biggest city in Washington state S Seattle
76%
U.s state S South Carolina
76%
U.s state V Vermont
76%
Mexican Peninsula Y Yucatan
76%
City in Maryland B Baltimore
73%
Capital of Cuba H Havana
73%
Capital of the above I Indianapolis
73%
Biggest city in the above K Kansas City
73%
U.s state M Minnesota
73%
Capital of the above O Oklahoma City
73%
Capital of Haiti P Port au Prince
73%
Capital of Oregon S Salem
73%
Capital of New Mexico S Santa Fe
73%
Capital of North Dakota B Bismarck
70%
City in Alberta C Calgary
70%
Biggest mountain in North America D Denali
70%
Capital of Alberta E Edmonton
70%
City in Texas E El Paso
70%
Capital of Montana H Helena
70%
City in the above N Newark
70%
Capital of South Dakota P Pierre
70%
Another city in that state P Pittsburgh
70%
Capital of North Carolina R Raleigh
70%
City in Nevada R Reno
70%
City in Georgia/Capital of Maine A Augusta
67%
Capital of Kentucky E Frankfort
67%
Capital of Pennsylvania H Harrisburg
67%
Capital of Connecticut H Hartford
67%
Capital of Nicaragua M Managua
67%
Capital of Rhode Island P Providence
67%
Capital of Illinois S Springfield
67%
Capital of Minnesota S St Paul
67%
City in Florida T Tampa
67%
Canadian island V Vancouver
67%
City in California A Anaheim
64%
Biggest city in that country B Belize City
64%
City in Colorado B Boulder
64%
City in Alaska F Fairbanks
64%
City in Michigan A Ann Arbor
61%
Capital of the above B Belmopan
61%
Biggest city in Montana B Billings
61%
Canadian province M Manitoba
61%
City in Washington state S Spokane
61%
City in Nevada H Henderson
58%
Biggest city in one of the above "M" states M Minneapolis
58%
Canadian province S Saskatchewan
58%
City in New York Y Yonkers
58%
City in Ohio A Akron
55%
City in Colorado A Aspen
55%
City in Texas L Laredo
55%
City in one of the countries bordering the U.s M Monterrey
55%
City in Illinois P Peoria
55%
City in New York/Minnesota R Rochester
55%
City in New York S Syracuse
55%
City in Texas W Waco
55%
City in California B Bakersfield
52%
City in North Carolina D Durham
52%
City in California O Oakland
52%
Canadian province Q Quebec
52%
Capital of the above Q Quebec City
52%
Biggest city in the above S Saskatoon
52%
Biggest city in the below S Sioux Falls
52%
City in Arizona Y Yuma
52%
City in Mexico A Acapulco
48%
British island in the Sargasso Sea B Bermuda
48%
Bay in Canada with the world's highest tides F Fundy
48%
City in Texas L Lubbock
48%
Another city in that state H Hilo
45%
French island in the Caribbean M Martinique
45%
City in Louisiana S Shreveport
45%
City in California I Irvine
42%
City in California P Pasadena
42%
City in Pennsylvania S Scranton
42%
Capital of Newfoundland S St Johns
42%
City in Texas O Odessa
36%
Mexican state/desert S Sonora
36%
Canadian island V Victoria
36%
City in California L Long Beach
33%
City on the Yucatan peninsula M Merida
33%
City in Jamaica M Montego Bay
33%
British island in the Caribbean M Montserrat
33%
Biggest city in * O Omaha
33%
Capital of California S Sacremento
33%
City in California S Santa Ana
33%
Northernmost city in the United States(Non contiguous) B Barrow
30%
City in California S Santa Barbara
30%
City in Washington state Y Yakima
30%
Dutch island in the Caribbean B Bonaire
27%
City in California B Berkeley
24%
City in California R Riverside
24%
Another city there M Mexicali
21%
City in Washington state S Spokane Valley
18%
Canadian river F Fraser
15%
City in Virginia M Manassas
15%
French territory near Newfoundland S St Pierre and Miquelon
12%
Hawaiian island K Kauii
3%
No matching quizzes found
Score Distribution
Percent of People with Each Score
Percentile by Number Answered
Your Score History
You have not taken this quiz